Statistics for Sci-Fi Movies Starting with J

Click here to take the quiz!

General Stats

  • This quiz has been taken 10 times
  • The average score is 1 of 5

Answer Stats

#Answer% Correct
4Jurassic Park / World
90%
3Jupiter Ascending
20%
1Jetsons: the Movie
10%
2Journey to the Center of the Earth
10%
5Justice League
10%

Score Distribution

Percentile by Number Answered

Percent of People with Each Score

Your Score History

You have not taken this quiz